Capitali per minore altitudine - Asia - Statistics

Statistiche generali
  • Questo quiz è stato fatto 6 volte
  • Il punteggio medio è 5 su 10
Statistiche sulle risposte
Altitudine (m) Capitale % Corretto
3 Giacarta
100%
0 Singapore
83%
-28 Baku
67%
1 Bangkok
67%
5 Al Kuwait
50%
6 Manama
50%
6 Pyongyang
50%
0 Malé
33%
0 Bandar Seri Bagawan
17%
4 Sri Jayawardenapura Kotte
17%
Nessun quiz corrispondente trovato
Distribuzione punteggi
Percentuale di utenti per punteggio
Percentile per numero di risposta
I tuoi punteggi nel tempo
Non hai fatto questo quiz